000 00307nam a2200133 i 4500
001 bg
100 1 _aMEYER, K.
245 0 _aPhysikalisch-chemische Kristallographic /
_cK. Meyer.
260 _aLipsk,
_c1968.
040 _cBPK
041 _apol
942 _cKS
008 s pl f |000 0 pol
999 _c11697
_d11697
856 _uhttp://koha.tu.koszalin.pl/cgi-bin/koha/opac-detail.pl?biblionumber=11697
_yKatalog online BPK